Tabla de contenidos: volumen 35-36, 2010
Gespeichert in:
| Format: | Text |
|---|---|
| Sprache: | Spanish |
| Tags: |
Tag hinzufügen
Keine Tags, Fügen Sie den ersten Tag hinzu!
|
MARC
| LEADER | 00000 a a2200000 04500 | ||
|---|---|---|---|
| 003 | cru CRAI/IIS | ||
| 005 | 20210817113027.0 | ||
| 008 | 210603b |||||||| |||| 00| 0 spa d | ||
| 040 | |c cru CRAI/IIS | ||
| 245 | |a Tabla de contenidos: |b volumen 35-36, 2010 | ||
| 505 | |a Contenido: 1.Sobre el valor pragmático del mito apuntes desde la mitología comparada de talamancas y kunas / Marcos Guevara Berger.-- 2.Áreas culturales o regiones históricas en la explicación de relaciones sociales de pueblos indígenas de Nicaragua y Costa Rica de los siglos XV y XVI / Eugenia Ibarra Rojas, Silvia Salgado González.-- 3.África que llevamos dentro / Sergio Ramírez Mercado.-- 4.Centroamérica en oferta. Los libros azules (1914-1916) / Paula Vega Jiménez.-- 5.Diversiones públicas y moralización en El Salvador (1948-1960) / Chester Urbina Gaitán. --6.La corporativización empresarial de las políticas públicas: el caso de la promotora de comercio exterior (PROCOMER) / Jorge Alberto Vázquez Rodríguez.-- 7.Del fútbol y otros demonios fútbol, religión y nacionalismo en Costa Rica / Sergio Villena Fiengo.-- 8.Desunión y distanciamiento: conflictos e interpretaciones de la huelga del Magisterio Nacional de 1995 / Sindy Mora Solano.-- 9.La pobreza como desolación: vivencias y representaciones en mujeres y hombres rurales / Isabel Gamboa Barboza.-- 10.Actividades académicas en la Facultad de Ciencias Sociales 2008-2009 / Pablo Barquero Morice, Montserrat Rojas Madrigal. | ||
| 773 | 0 | |0 18765 |9 5234 |a Universidad de Costa Rica. |d San José, Costa Rica: Editorial Universidad de Costa Rica, 1974- |o 12541 |t Anuario de Estudios Centroamericanos / |x 03777316 | |
| 942 | |c PP |2 ddc | ||
| 999 | |c 43694 |d 43694 | ||
